000 00961cam a22002654a 4500
005 20080820115011.0
008 080216s2008 ii b 001 0 eng
010 _aENG-92087
020 _a8189886428
_c380.00
020 _a9788189886424
_c380.00
035 _aEN-75620
037 _bDBAD / PUB
040 _adpl
_bEnglish
082 _a338.61
100 _aDharmaraj, S.
245 _aInformal sector in India /
_cby S. Dharmaraj
260 _bAbhijeet Publications
_c2007
_aDelhi
270 _a2/46, Tukhmeerpur Extension,
_bDelhi
_e110094
300 _ax, 147p.
_c20cm (Hb)
500 _aIncludes bibliographical references and index
650 _aInformal sector (Economics)
_zIndia
942 _2ddc
_cEN
_mDHA
_h338.61
999 _c19614
_d19614